000 00694nam a2200241 a 4500
008
020 _a0443060118(pbk.)
049 _aMAIN
090 _aRJ48
_bO'CA
100 1 _aO'Callaghan, Christopher.
245 1 0 _aPocket paediatrics /
_cChristopher O'Callaghan and Terence Stephenson.
250 _a2nd ed.
260 _aEdinburgh :
_bChurchill Livingstone,
_c2004.
300 _axvii, 450 p. :
_bill. ;
_c17 cm.
500 _aIncludes Index.
650 1 _aPaediatrics.
700 _aStephenson, Terence.
907 _a.b10261746
_b16-07-12
_c27-03-09
003
005 20230120204012.0
040 _cNUST
942 _cBOOKS
_kRJ48
_mO'CA
999 _c115359
_d115359